| 000 | 00340nam a2200121Ia 4500 | ||
|---|---|---|---|
| 005 | 20260326235503.0 | ||
| 008 | 260326s9999||||xx |||||||||||||| ||und|| | ||
| 100 | _aSoutinho, Alcino | ||
| 245 | 0 |
_aPaços do Concelho de Matosinhos / _cAlcino Soutinho |
|
| 260 | _bCamara Municipal de Matosinhos | ||
| 650 | _aARQUITECTURA REGIONAL | ||
| 942 | _cBK | ||
| 999 |
_c8114 _d8114 |
||